000 00937nas a2200217 4500
001 000037301
003 DLC
005 20240830114457.0
008 100111c20119999dr fr1p dd 0 0eng d
040 _aDO-SdBNP
_bspa
_cBNPHU
043 _anwdr
130 1 _aRevista de administración pública (República Dominicana )
_963751
222 0 _aRevista de administración pública
_b(República Dominicana )
245 0 0 _aRevista de administración pública.
260 _aSanto Domingo :
_bMinisterio de Administración Pública,
_c2011.
300 _av. ;
_c23 cm.
310 _aSemestral
362 1 _aaño, 5. no. 5 2011
500 _aLa Oficina Nacional de Administración y Personal (ONAP) ha cambiado de nombre a Secretaría de Estado de Administración Pública (SEAP) A partir de la aprobación en el 2010 de la reforma de la Constitución todas las Secretarías pasaron a ser Ministerios, ahora es (MAP)
942 _2ddc
_cISSUE
999 _c36791
_d36791